[Event "POL-chT 2nd League"]
[Site "Szklarska Poreba"]
[Date "2017.09.07"]
[Round "6.8"]
[White "Wielek, Thomas"]
[Black "Krasiewicz, Robert"]
[Result "1/2-1/2"]
[WhiteElo "1803"]
[BlackElo "2005"]
[PlyCount "184"]
[EventDate "2017.09.02"]
[EventType "team-swiss"]
[EventRounds "9"]
[EventCountry "POL"]
[SourceTitle "CBM 180 Extra"]
[Source "ChessBase"]
[SourceDate "2017.10.06"]
[SourceVersion "1"]
[SourceVersionDate "2017.10.06"]
[SourceQuality "1"]
[WhiteTeam "Podlesie UKS 21"]
[BlackTeam "Zielonka Zieloni"]
[WhiteTeamCountry "POL"]
[BlackTeamCountry "POL"]

1. e4 g6 2. d4 Bg7 3. Nc3 d6 4. Bc4 a6 5. Nf3 b5 6. Bb3 e6 7. Bg5 Ne7 8. Qd2 Bb7 9. a3 h6 10. Be3 Nd7 11. d5 e5 12. Qe2 Nf6 13. Nd2 Qd7 14. h3 Nh5 15. 0-0-0 Nf4 16. Qf1 Bc8 17. Ne2 g5 18. c4 c5 19. Nc3 Rb8 20. a4 b4 21. Ne2 Neg6 22. Ng1 Ne7 23. g3 Nfg6 24. g4 Nf4 25. Ne2 h5 26. f3 Nxe2+ 27. Qxe2 Bf6 28. Rh2 Ng6 29. Rdh1 Kd8 30. Nf1 h4 31. Nd2 Nf4 32. Qd1 Qc7 33. Qc2 Bd7 34. Rd1 Qa5 35. Bxf4 exf4 36. Nb1 Kc7 37. Rd3 Rb7 38. Kd1 Rhb8 39. Nd2 Be5 40. Ke2 Kd8 41. Rh1 Ke7 42. Ra1 Qd8 43. Re1 Qh8 44. Rb1 Qf6 45. Kf1 Bd4 46. Ke2 Qe5 47. Kf1 Rh8 48. Kg2 Rbb8 49. Nf1 Rh7 50. Rd2 Rbh8 51. Re2 Kd8 52. Qd1 Re8 53. Qd3 Rhh8 54. Bd1 Kc7 55. b3 Bc3 56. Rc1 Re7 57. Bc2 Rf8 58. Nd2 f5 59. Rf1 Bd4 60. Ree1 fxg4 61. hxg4 h3+ 62. Kh1 Qh8 63. Re2 Qh4 64. Rh2 Rh8 65. Bd1 Qg3 66. Qe2 Reh7 67. Rff2 Bxf2 68. Qxf2 Re8 69. Nf1 Qxf2 70. Rxf2 Kd8 71. Nh2 Ke7 72. Rd2 Kf6 73. Bc2 Ke5 74. Kg1 Rb8 75. a5 Be8 76. Kf1 Rh4 77. Bd1 Bg6 78. Bc2 Rh7 79. Kg1 Re7 80. Kf2 Kf6 81. Re2 Be8 82. Rd2 Bd7 83. Kg1 Ke5 84. Bd1 Ree8 85. Kh1 Rec8 86. Kg1 Be8 87. Kf2 Bf7 88. Rd3 Rh8 89. Rd2 Be8 90. Kg1 Rh7 91. Kh1 Rhb7 92. Kg1 Bg6 1/2-1/2

[Event "Suwalki Warakomska Memorial-B 1st"]
[Site "Suwalki"]
[Date "2017.08.15"]
[Round "6"]
[White "Wielek, Thomas"]
[Black "Budnik, Mateusz"]
[Result "1/2-1/2"]
[WhiteElo "1766"]
[BlackElo "1987"]
[PlyCount "140"]
[EventDate "2017.08.11"]
[EventType "swiss"]
[EventRounds "9"]
[EventCountry "POL"]
[SourceTitle "CBM 180 Extra"]
[Source "ChessBase"]
[SourceDate "2017.10.06"]
[SourceVersion "1"]
[SourceVersionDate "2017.10.06"]
[SourceQuality "1"]

1. g4 c5 2. Bg2 Nc6 3. c4 e6 4. d3 d5 5. cxd5 exd5 6. Qb3 d4 7. Bd5 Qc7 8. g5 Bg4 9. Nf3 Bh5 10. Na3 Nge7 11. Be4 Ng6 12. Nb5 Qd7 13. Bd2 Be7 14. Qd5 Rd8 15. Qxd7+ Rxd7 16. Bf5 Rd8 17. Nc7+ Kf8 18. Be4 Bd6 19. Nb5 Ke7 20. Bxg6 hxg6 21. Nxd6 Rxd6 22. Ng1 Re6 23. f3 Kd7 24. h4 Ne5 25. 0-0-0 Rc8 26. b3 Nc6 27. Rh2 Rce8 28. Kb2 Ne7 29. Rc1 b6 30. Rc2 Nf5 31. Bf4 a5 32. a3 Ra8 33. b4 axb4 34. axb4 Rc6 35. b5 Rcc8 36. Bd2 Nd6 37. Nh3 Nxb5 38. Nf4 Kd6 39. Rh1 Ra4 40. Rcc1 Rca8 41. Ra1 Rxa1 42. Rxa1 Rxa1 43. Kxa1 Nc7 44. Nh3 Ke6 45. Kb2 b5 46. Kb3 Kf5 47. Nf2 Ne6 48. Ne4 Ke5 49. Be1 Kd5 50. Bg3 c4+ 51. Kc2 c3 52. Kb3 b4 53. Bd6 f5 54. gxf6 gxf6 55. Bxb4 f5 56. Ng3 Ke5 57. Be7 Kd5 58. Ba3 Nf4 59. Bc1 Nh3 60. Kc2 Ke5 61. Kd1 Ng1 62. Nxh5 gxh5 63. f4+ Kd5 64. Ke1 Kc5 65. Kf2 Nh3+ 66. Kg2 Kb4 67. Kxh3 Kb3 68. Kg2 Kc2 69. Ba3 Kb3 70. Bc1 Kc2 1/2-1/2

[Event "Suwalki Warakomska Memorial-B 1st"]
[Site "Suwalki"]
[Date "2017.08.11"]
[Round "1"]
[White "Budzinski, Jan"]
[Black "Wielek, Thomas"]
[Result "1-0"]
[WhiteElo "2012"]
[BlackElo "1766"]
[PlyCount "57"]
[EventDate "2017.08.11"]
[EventType "swiss"]
[EventRounds "9"]
[EventCountry "POL"]
[SourceTitle "CBM 180 Extra"]
[Source "ChessBase"]
[SourceDate "2017.10.06"]
[SourceVersion "1"]
[SourceVersionDate "2017.10.06"]
[SourceQuality "1"]

1. e4 c5 2. Nc3 Nc6 3. Bb5 Nd4 4. Bc4 g6 5. Nf3 Bg7 6. Nxd4 cxd4 7. Qf3 e6 8. Nb5 d6 9. Qg3 e5 10. Qa3 Ke7 11. Qb3 Be6 12. Bxe6 fxe6 13. a4 Nf6 14. d3 Rc8 15. 0-0 a6 16. Na3 Qc7 17. f4 Nd7 18. fxe5 Bxe5 19. Bg5+ Bf6 20. Bxf6+ Nxf6 21. Qb4 Qc5 22. Qxb7+ Rc7 23. Qxa6 Rb8 24. Nb5 Rc6 25. Qa5 Rb7 26. Qd2 Qe5 27. Qh6 Ke8 28. Qf4 Ke7 29. Qf2 1-0

[Event "POL Region-ch U17"]
[Site "Szczyrk"]
[Date "2012.10.21"]
[Round "9.1"]
[White "Wielek, Thomas"]
[Black "Mroziak, Maciej"]
[Result "1/2-1/2"]
[WhiteElo "1835"]
[BlackElo "2164"]
[PlyCount "55"]
[EventDate "2012.10.14"]
[EventType "swiss"]
[EventRounds "9"]
[EventCountry "POL"]
[SourceTitle "EXT 2023"]
[Source "ChessBase"]
[SourceDate "2022.10.05"]
[SourceVersion "1"]
[SourceVersionDate "2022.10.05"]
[SourceQuality "1"]

1. e4 g6 2. Nc3 Bg7 3. f4 d6 4. Nf3 a6 5. g3 b5 6. Bg2 Bb7 7. d3 Nd7 8. 0-0 e6 9. h3 Ne7 10. g4 0-0 11. Ne2 h6 12. Ng3 f5 13. Qe2 fxg4 14. hxg4 Nc6 15. f5 exf5 16. gxf5 Nde5 17. c3 Nxf3+ 18. Bxf3 Ne5 19. fxg6 Qh4 20. Kg2 Nxg6 21. Nf5 Qf6 22. Be3 Rae8 23. Rh1 Qxf5 24. exf5 Nf4+ 25. Bxf4 Rxe2+ 26. Kg3 Bxf3 27. Kxf3 Rxb2 28. Rag1 1/2-1/2

[Event "POL Region-ch U17"]
[Site "Szczyrk"]
[Date "2012.10.21"]
[Round "2.5"]
[White "Wielek, Thomas"]
[Black "Paszewski, Mateusz"]
[Result "0-1"]
[WhiteElo "1835"]
[BlackElo "2051"]
[PlyCount "98"]
[EventDate "2012.10.14"]
[EventType "swiss"]
[EventRounds "9"]
[EventCountry "POL"]
[SourceTitle "EXT 2023"]
[Source "ChessBase"]
[SourceDate "2022.10.05"]
[SourceVersion "1"]
[SourceVersionDate "2022.10.05"]
[SourceQuality "1"]

1. e4 c5 2. Nc3 Nc6 3. f4 g6 4. Nf3 Bg7 5. Bb5 Nd4 6. 0-0 Nxb5 7. Nxb5 d5 8. exd5 a6 9. Nc3 Nf6 10. d4 c4 11. Ne5 Nxd5 12. Nxc4 Nxc3 13. bxc3 Qc7 14. Ne5 Qxc3 15. Rb1 0-0 16. Rb3 Qc7 17. Ba3 Be6 18. d5 Rfd8 19. c4 f6 20. Nd3 Bf7 21. Qc1 Rac8 22. Bc5 b5 23. cxb5 axb5 24. Qe3 Bxd5 25. Bb6 Qb7 26. Bxd8 Bxb3 27. Nc5 Qd5 28. Qxb3 Qxb3 29. Nxb3 Rxd8 30. Re1 Kf7 31. Re4 Ra8 32. Rb4 Rxa2 33. Rxb5 Rb2 34. Rb7 f5 35. Rb5 h5 36. h4 Bf6 37. g3 Bc3 38. Kf1 Bg7 39. Kg1 Bf6 40. Kf1 Bc3 41. Rb7 Bd4 42. Rxe7+ Kxe7 43. Nxd4 Kd6 44. Ne2 Kd5 45. Ke1 Ke4 46. Ng1 Ke3 47. Kf1 Rf2+ 48. Ke1 Rg2 49. Kf1 Rxg3 0-1

[Event "POL-chT U19 2nd League"]
[Site "Borowice"]
[Date "2012.07.23"]
[Round "4"]
[White "Cukrowski, Filip"]
[Black "Wielek, Thomas"]
[Result "1-0"]
[WhiteElo "2133"]
[BlackElo "1811"]
[PlyCount "99"]
[EventDate "2012.07.21"]
[EventType "team-swiss"]
[EventRounds "11"]
[EventCountry "POL"]
[SourceTitle "EXT 2014"]
[Source "ChessBase"]
[SourceDate "2013.11.20"]
[SourceVersion "1"]
[SourceVersionDate "2013.11.20"]
[SourceQuality "1"]
[WhiteTeam "Opole Rodlo U19"]
[BlackTeam "Podlesie UKS 21 U19"]
[WhiteTeamCountry "POL"]
[BlackTeamCountry "POL"]

1. e4 c5 2. Nf3 g6 3. d4 cxd4 4. Nxd4 Nf6 5. Bd3 Nc6 6. Be3 Bg7 7. h3 0-0 8. c3 d6 9. 0-0 Ne5 10. f4 Nxd3 11. Qxd3 e5 12. Nb5 d5 13. Nd2 dxe4 14. Qxd8 Rxd8 15. fxe5 Nd5 16. Bg5 f6 17. exf6 Nxf6 18. Nd4 Rf8 19. Rae1 Bd7 20. Bxf6 Bxf6 21. Rxe4 Rae8 22. Ref4 Bxd4+ 23. Rxd4 Bc6 24. Rxf8+ Kxf8 25. Kf2 Re5 26. g3 Ke7 27. b3 h5 28. c4 a6 29. Rd3 Bd7 30. h4 Bf5 31. Re3 Kd6 32. Rxe5 Kxe5 33. Ke3 b6 34. Nf3+ Kd6 35. Kd4 a5 36. a3 Bc2 37. b4 axb4 38. axb4 Bf5 39. Ne1 Bd7 40. Ng2 Ke6 41. Ne3 b5 42. Ke4 Bc6+ 43. Kf4 bxc4 44. Nxc4 Kd5 45. Ne5 Be8 46. b5 Bxb5 47. Nxg6 Ke6 48. Kg5 Be8 49. Nf4+ Kf7 50. Nxh5 1-0

[Event "POL-chT U19 2nd League"]
[Site "Borowice"]
[Date "2012.07.21"]
[Round "1"]
[White "Wielek, Thomas"]
[Black "Reza, Wojciech"]
[Result "0-1"]
[WhiteElo "1811"]
[BlackElo "2070"]
[PlyCount "52"]
[EventDate "2012.07.21"]
[EventType "team-swiss"]
[EventRounds "11"]
[EventCountry "POL"]
[SourceTitle "EXT 2014"]
[Source "ChessBase"]
[SourceDate "2013.11.20"]
[SourceVersion "1"]
[SourceVersionDate "2013.11.20"]
[SourceQuality "1"]
[WhiteTeam "Podlesie UKS 21 U19"]
[BlackTeam "Radom UKS MDK U19"]
[WhiteTeamCountry "POL"]
[BlackTeamCountry "POL"]

1. e4 c5 2. Nc3 Nc6 3. f4 e6 4. Bb5 Qc7 5. Bxc6 Qxc6 6. d3 d6 7. Nf3 Nf6 8. 0-0 Be7 9. Qe1 b5 10. f5 exf5 11. exf5 Bxf5 12. Bf4 b4 13. Nh4 Be6 14. Ne2 Nd5 15. Nf3 Bf6 16. d4 0-0 17. Rd1 Rfe8 18. Qg3 Bf5 19. Rd2 c4 20. c3 Bd3 21. Re1 Bxe2 22. Rdxe2 bxc3 23. bxc3 Nxc3 24. Rxe8+ Rxe8 25. Rxe8+ Qxe8 26. Bxd6 Ne2+ 0-1

[Event "EU-ch rapid"]
[Site "Warsaw"]
[Date "2011.12.17"]
[Round "1"]
[White "Wielek, Thomas"]
[Black "Romanov, Evgeny"]
[Result "0-1"]
[WhiteElo "1799"]
[BlackElo "2627"]
[PlyCount "72"]
[EventDate "2011.12.17"]
[EventType "swiss (rapid)"]
[EventRounds "13"]
[EventCountry "POL"]
[SourceTitle "CBM 145 Extra"]
[Source "ChessBase"]
[SourceDate "2012.01.03"]
[SourceVersion "1"]
[SourceVersionDate "2012.01.03"]
[SourceQuality "1"]

1. e4 e5 2. Nf3 Nc6 3. d4 exd4 4. Bc4 Nf6 5. e5 d5 6. Bb5 Ne4 7. Nxd4 Bd7 8. Bxc6 bxc6 9. 0-0 Be7 10. f3 Nc5 11. c3 a5 12. Be3 0-0 13. Qc2 Re8 14. Nd2 Bf8 15. f4 f6 16. N2f3 Ne4 17. b4 axb4 18. cxb4 Ra3 19. Bd2 c5 20. bxc5 Bxc5 21. Kh1 Ba4 22. Nb3 Qa8 23. Bc3 Nf2+ 24. Kg1 Ng4+ 25. Bd4 Bxd4+ 26. Nfxd4 Bxb3 27. Nxb3 Ne3 28. Qxc7 Nxf1 29. exf6 gxf6 30. Rxf1 Qa7+ 31. Qxa7 Rxa7 32. Rd1 Rxa2 33. Nc5 Ree2 34. f5 Rxg2+ 35. Kf1 Rxh2 36. Kg1 Rag2+ 0-1